| 000 | 00965nam a2200265 i 4500 | ||
|---|---|---|---|
| 001 | 6278 | ||
| 003 | ES-MaACL | ||
| 005 | 20250718030729.0 | ||
| 007 | t| | ||
| 008 | 890913s1987 sp f |||| | spa d | ||
| 020 | _a84-505-5533-7 | ||
| 080 | _a86(468.5)-146.2(082) | ||
| 245 | 0 | 0 |
_aRomancero de la isla de La Gomera / _crecogido y editado por Maximiano Trapero ; con la colaboración de Elena Hernández Casañas y un estudio sobre la música por Lothar Siemens Hernández. |
| 260 |
_aLa Gomera : _bCabildo Insular, _c[1987] |
||
| 300 |
_a410, [4] p. de lám. ; _c25 cm. |
||
| 500 | _aÍndices. | ||
| 650 | 4 |
_aRomances- _zGomera. _916937 |
|
| 650 | 4 |
_aRomances- _zCanarias. _916934 |
|
| 700 | 1 |
_aTrapero, Maximiano, _d1945- _9111229 |
|
| 700 | 1 |
_aHernández Casañas, Elena. _962905 |
|
| 700 | 1 |
_aSiemens Hernández, Lothar. _9106229 |
|
| 710 | 1 |
_aGomera. _bCabildo Insular. _9172762 |
|
| 852 |
_aES-MaACL _jL-13363 _z- Enc. tela |
||
| 999 |
_c6278 _d6278 |
||